[Event "Lloyds Bank Masters 17th"]
[Site "London"]
[Date "1993.08.26"]
[Round "6"]
[White "Bisby, Daniel L"]
[Black "Griffiths, Paul V"]
[Result "0-1"]
[WhiteElo "2150"]
[BlackElo "2240"]
[PlyCount "130"]
[EventDate "1993.08.21"]
[EventType "swiss"]
[EventRounds "10"]
[EventCountry "ENG"]

1. c4 Nf6 2. Nc3 e6 3. Nf3 b6 4. e4 Bb7 5. Bd3 d6 6. Bc2 c5 7. d4 Nbd7 8. d5
exd5 9. exd5 Qe7+ 10. Qe2 Qxe2+ 11. Kxe2 O-O-O 12. Rd1 h6 13. Be3 g5 14. Bf5
Ba6 15. b3 Bg7 16. Rac1 Rhe8 17. Kf1 Kc7 18. h4 g4 19. Nd2 Re5 20. Bd3 Nh5 21.
a4 Rde8 22. Ndb1 f5 23. Na3 Bf8 24. Bd2 Bc8 25. Ncb5+ Kb7 26. Bc3 g3 27. Bxe5
Nxe5 28. Be2 Nf4 29. fxg3 Nxe2 30. Kxe2 a6 31. Nc3 Nxc4+ 32. Kd3 Nxa3 33. Ra1
b5 34. axb5 Nxb5 35. Nxb5 axb5 36. Re1 Re5 37. Rxe5 dxe5 38. g4 Be7 39. Rf1 Kc7
40. gxf5 Bf6 41. g4 Kd6 42. g5 hxg5 43. hxg5 Bxg5 44. f6 Bf4 45. Ke4 Bb7 46.
Rd1 c4 47. bxc4 bxc4 48. f7 Bh6 49. Rd2 c3 50. Rf2 Bxd5+ 51. Kd3 Ke7 52. Rf5
Bxf7 53. Rxe5+ Kd6 54. Ra5 Bg7 55. Rg5 Bf6 56. Rg4 Kc5 57. Kc2 Be6 58. Rf4 Be5
59. Rf1 Bd4 60. Rf3 Kc4 61. Rf4 Bd7 62. Kc1 Ba4 63. Rh4 Kd3 64. Kb1 c2+ 65. Ka2
Bb3+ 0-1

[Event "Lloyds Bank Masters 17th"]
[Site "London"]
[Date "1993.08.26"]
[Round "6"]
[White "Emms, John M"]
[Black "Hebden, Mark"]
[Result "1-0"]
[WhiteElo "2455"]
[BlackElo "2560"]
[PlyCount "129"]
[EventDate "1993.08.21"]
[EventType "swiss"]
[EventRounds "10"]
[EventCountry "ENG"]

1. e4 e5 2. Nf3 Nc6 3. Bb5 a6 4. Ba4 Nf6 5. O-O Be7 6. Re1 b5 7. Bb3 O-O 8. d3
d6 9. c3 Na5 10. Bc2 c5 11. Nbd2 Re8 12. Nf1 h6 13. d4 cxd4 14. cxd4 exd4 15.
Nxd4 Bf8 16. b3 g6 17. Bb2 Bg7 18. Qd2 Bd7 19. Rad1 Rc8 20. f3 Nh5 21. g4 Nf6
22. Ne3 h5 23. g5 Nh7 24. h4 Be5 25. Nd5 Nc6 26. Re2 Nxd4 27. Bxd4 Bc6 28. Bxe5
dxe5 29. Kg2 Bxd5 30. exd5 Qd6 31. Be4 Re7 32. Rc1 Rxc1 33. Qxc1 f5 34. gxf6
Nxf6 35. Qg5 Nh7 36. Qh6 Rc7 37. Kh2 Nf8 38. Rg2 Qf6 39. Kh3 Kf7 40. Rg1 Rc3
41. Rg3 b4 42. Qd2 Qf4 43. Qf2 Qe3 44. Qxe3 Rxe3 45. Rg2 Ke7 46. Kg3 Rc3 47.
Rg1 Kd6 48. Kf2 a5 49. Rd1 a4 50. bxa4 Ra3 51. Rd2 Nd7 52. Bxg6 Nc5 53. Bxh5 e4
54. Re2 Kxd5 55. Bf7+ Kd4 56. fxe4 Rxa4 57. Bd5 Nd3+ 58. Kg3 Ra3 59. Kg4 Ne5+
60. Kf5 Rf3+ 61. Ke6 Rh3 62. Rd2+ Nd3 63. Kd6 Rxh4 64. e5 Rh5 65. Bb3 1-0

[Event "Lloyds Bank Masters 17th"]
[Site "London"]
[Date "1993.08.26"]
[Round "6"]
[White "Cobb, James"]
[Black "Spice, Alan"]
[Result "1/2-1/2"]
[WhiteElo "2280"]
[BlackElo "2200"]
[PlyCount "122"]
[EventDate "1993.08.21"]
[EventType "swiss"]
[EventRounds "10"]
[EventCountry "ENG"]

1. e4 e6 2. d4 d5 3. Nc3 Nf6 4. Bg5 Bb4 5. exd5 Qxd5 6. Nf3 Ne4 7. Bd2 Bxc3 8.
bxc3 Nxd2 9. Qxd2 Qa5 10. Bd3 O-O 11. O-O c5 12. Rfe1 cxd4 13. cxd4 Qxd2 14.
Nxd2 Nc6 15. c3 Rd8 16. Be4 Bd7 17. Nb3 Rac8 18. Rac1 b6 19. f4 Ne7 20. Kf2 Bb5
21. g3 Nd5 22. Bxd5 Rxd5 23. Re5 Bc4 24. Ke3 Rd6 25. Kd2 a5 26. Rb1 a4 27. Nc1
Kf8 28. Rb4 b5 29. a3 f6 30. Re3 Kf7 31. Nd3 Rd5 32. Rb1 Rcd8 33. Rbe1 g5 34.
Rxe6 Bxd3 35. Re7+ Kg6 36. Kxd3 gxf4 37. gxf4 Rh5 38. Rg1+ Kf5 39. Rb7 Rh3+ 40.
Rg3 Rxh2 41. Rxb5+ Kxf4 42. Re3 Ra2 43. Re6 Rf8 44. d5 Rxa3 45. d6 Rc8 46. Re4+
Kg3 47. Re3+ Kf4 48. Re4+ Kg3 49. Rc4 Rd8 50. Rd4 Ra1 51. Kc2 a3 52. c4 a2 53.
Ra5 Rf1 54. Ra3+ Kg2 55. Rd2+ Rf2 56. c5 Rc8 57. Rxa2 Rxd2+ 58. Kxd2 Rxc5 59.
Ke3+ Kg3 60. Kd4 Rc8 61. Ke4 h5 1/2-1/2

[Event "Lloyds Bank Masters 17th"]
[Site "London"]
[Date "1993.08.26"]
[Round "6"]
[White "Lane, Gary William"]
[Black "Connell, Blair"]
[Result "1-0"]
[WhiteElo "2430"]
[BlackElo "2230"]
[PlyCount "111"]
[EventDate "1993.08.21"]
[EventType "swiss"]
[EventRounds "10"]
[EventCountry "ENG"]

1. e4 c6 2. d4 d5 3. e5 Bf5 4. h4 h5 5. c4 e6 6. Nc3 Ne7 7. Bg5 dxc4 8. Bxc4
Qb6 9. Qd2 Nd5 10. Nge2 Nd7 11. O-O Qc7 12. Ng3 Bg6 13. Nce4 N7b6 14. Bd3 Bxe4
15. Nxe4 Be7 16. Bxe7 Qxe7 17. Nd6+ Kd8 18. g3 Kc7 19. f4 g6 20. Qa5 Rhd8 21.
Rfc1 Rxd6 22. exd6+ Qxd6 23. Qd2 Rd8 24. Rd1 Qb4 25. Qxb4 Nxb4 26. a3 Nxd3 27.
Rxd3 Nc4 28. b3 Nd6 29. Rad1 Ne4 30. Kg2 Rd5 31. Kf3 Nf6 32. Rc1 Kb6 33. Rc5
Kc7 34. Rxd5 cxd5 35. Rc3+ Kd7 36. Rc2 Kd8 37. b4 Kd7 38. a4 Kd8 39. b5 b6 40.
a5 Nd7 41. axb6 Nxb6 42. g4 hxg4+ 43. Kxg4 Nc8 44. Rc6 Kd7 45. Ra6 f6 46. h5
gxh5+ 47. Kxh5 Nd6 48. Rxa7+ Kc8 49. b6 Nb5 50. Kg6 Nxd4 51. Kxf6 Ne2 52. Ke5
d4 53. Ra2 d3 54. Rd2 Kb7 55. Rxd3 Kxb6 56. Rd6+ 1-0

[Event "Lloyds Bank Masters 17th"]
[Site "London"]
[Date "1993.08.26"]
[Round "6"]
[White "Gullaksen, Eirik T"]
[Black "Timoscenko, Gennadij"]
[Result "1/2-1/2"]
[WhiteElo "2390"]
[BlackElo "2540"]
[PlyCount "103"]
[EventDate "1993.08.21"]
[EventType "swiss"]
[EventRounds "10"]
[EventCountry "ENG"]

1. e4 c5 2. Nf3 d6 3. d4 cxd4 4. Nxd4 Nf6 5. Nc3 a6 6. Be3 e6 7. f3 Nc6 8. Qd2
Be7 9. O-O-O O-O 10. h4 Nd7 11. Bg5 Nf6 12. g4 Nxd4 13. Qxd4 b5 14. Bxf6 gxf6
15. f4 Rb8 16. g5 Qb6 17. gxf6 Qxd4 18. Rxd4 Bxf6 19. Rxd6 Bb7 20. Bd3 Rfc8 21.
Rd7 Kf8 22. Rd1 Ke8 23. Be2 Bxh4 24. Bh5 Be7 25. f5 exf5 26. exf5 Rd8 27. Rxd8+
Rxd8 28. Rxd8+ Bxd8 29. Kd2 Ke7 30. Kd3 Kf6 31. Ne4+ Ke5 32. Nc5 Bc8 33. Bxf7
Kxf5 34. c4 bxc4+ 35. Kxc4 Kg4 36. b4 h5 37. Bd5 h4 38. Kd3 h3 39. Ke2 Bf6 40.
Ne4 Bd4 41. Nf2+ Kg3 42. Nxh3 Kxh3 43. Kd3 Bf2 44. a4 Kg3 45. Bc4 Be1 46. b5 a5
47. Ke4 Bg4 48. Kd5 Bd1 49. b6 Bf2 50. Kc6 Bxa4+ 51. Kb7 Kf4 52. Ka6 1/2-1/2

[Event "Lloyds Bank Masters 17th"]
[Site "London"]
[Date "1993.08.26"]
[Round "6"]
[White "Hennigan, Michael"]
[Black "Budnikov, Alexandar"]
[Result "0-1"]
[WhiteElo "2415"]
[BlackElo "2535"]
[PlyCount "98"]
[EventDate "1993.08.21"]
[EventType "swiss"]
[EventRounds "10"]
[EventCountry "ENG"]

1. e4 e6 2. d4 d5 3. Nd2 c5 4. exd5 Qxd5 5. Ngf3 cxd4 6. Bc4 Qd6 7. O-O Nf6 8.
Nb3 Nc6 9. Nbxd4 Nxd4 10. Nxd4 a6 11. Re1 Qc7 12. Bb3 Bd7 13. Qf3 Bd6 14. h3
O-O-O 15. Be3 Kb8 16. c4 e5 17. c5 Bxc5 18. Rac1 Qb6 19. Nf5 Bxe3 20. Rxe3 Bxf5
21. Qxf5 e4 22. Qe5+ Qd6 23. Qxd6+ Rxd6 24. Bxf7 Rd2 25. b4 Rhd8 26. Bb3 R8d4
27. a3 Rb2 28. Rc2 Rb1+ 29. Kh2 Rd3 30. Be6 Ra1 31. Ra2 Rad1 32. Kg3 Kc7 33.
Rc2+ Kd6 34. Bc4 Rd4 35. Be2 Ra1 36. f3 Nd5 37. Rxe4 Rxe4 38. fxe4 Rxa3+ 39.
Bf3 Nxb4 40. Rb2 a5 41. Kg4 Ke5 42. Rb1 Rc3 43. h4 Rc4 44. Ra1 b6 45. Kg5 Rc6
46. h5 h6+ 47. Kh4 Nc2 48. Ra4 Nd4 49. Bg4 Rc2 0-1

[Event "Lloyds Bank Masters 17th"]
[Site "London"]
[Date "1993.08.26"]
[Round "6"]
[White "McMichael, Richard"]
[Black "Sheldon, Ruth"]
[Result "1-0"]
[WhiteElo "2305"]
[BlackElo "2040"]
[PlyCount "97"]
[EventDate "1993.08.21"]
[EventType "swiss"]
[EventRounds "10"]
[EventCountry "ENG"]

1. b3 Nf6 2. Bb2 d6 3. e3 g6 4. c4 Bg7 5. Nf3 O-O 6. Be2 e5 7. d4 e4 8. Nfd2
Re8 9. Nc3 a5 10. Qc2 Bf5 11. h3 h5 12. a3 Nc6 13. Nb5 Ne7 14. O-O-O c6 15. Nc3
d5 16. c5 b6 17. cxb6 Qxb6 18. Na4 Qc7 19. Kb1 h4 20. Nf1 Nd7 21. g3 Rec8 22.
Rc1 Rab8 23. Ba6 Re8 24. gxh4 Qa7 25. Be2 Qb7 26. Nd2 Rec8 27. Nc5 Nxc5 28.
Qxc5 a4 29. b4 Rc7 30. h5 Nc8 31. Bg4 Bf8 32. Qc3 Nd6 33. Ka2 Nb5 34. Qc2 Nd6
35. hxg6 fxg6 36. Rhg1 Kh8 37. h4 Rbc8 38. Qd1 Rh7 39. h5 gxh5 40. Bxh5 Qb5 41.
Be2 Qb6 42. Qxa4 Ra7 43. Qb3 Nb5 44. Rc5 Nc7 45. Bg4 Bxg4 46. Rxg4 Qb7 47. Rc1
Bg7 48. Rh1+ Kg8 49. Nxe4 1-0

[Event "Lloyds Bank Masters 17th"]
[Site "London"]
[Date "1993.08.26"]
[Round "6"]
[White "Barua, Dibyendu"]
[Black "Summerscale, Aaron"]
[Result "0-1"]
[WhiteElo "2510"]
[BlackElo "2355"]
[PlyCount "92"]
[EventDate "1993.08.21"]
[EventType "swiss"]
[EventRounds "10"]
[EventCountry "ENG"]

1. e4 e5 2. Nf3 d6 3. d4 Nf6 4. Nc3 Nbd7 5. Bc4 Be7 6. O-O O-O 7. a4 c6 8. Ba2
b6 9. Re1 a6 10. Bg5 Bb7 11. Bh4 b5 12. Bg3 Qc7 13. h3 Rfe8 14. Qd3 Bf8 15.
Rad1 Rac8 16. axb5 axb5 17. Ng5 Re7 18. dxe5 dxe5 19. Qf3 h6 20. Nxf7 Rxf7 21.
Qf5 Re8 22. Bh4 Nb6 23. Bxf6 gxf6 24. Qg6+ Bg7 25. Ne2 Nc4 26. Ng3 Bc8 27. Rd3
Rff8 28. Nf5 Bxf5 29. Qxf5 Qc8 30. Rd7 Rf7 31. Rxf7 Kxf7 32. Qh5+ Kg8 33. Re3
Rd8 34. Rg3 Kf8 35. Qg6 Qc7 36. Qh7 Qf7 37. Ra3 Ke7 38. Ra6 Kd6 39. b3 Nd2 40.
c4 bxc4 41. bxc4 Kc5 42. Qf5 Qb7 43. Ra4 Qb2 44. Qe6 Qc1+ 45. Kh2 Nf1+ 46. Kg1
Nh2+ 0-1

[Event "Lloyds Bank Masters 17th"]
[Site "London"]
[Date "1993.08.26"]
[Round "6"]
[White "Basman, Michael J"]
[Black "O'Cinneide, Mel"]
[Result "1-0"]
[WhiteElo "2350"]
[BlackElo "2225"]
[PlyCount "55"]
[EventDate "1993.08.21"]
[EventType "swiss"]
[EventRounds "10"]
[EventCountry "ENG"]

1. h3 d5 2. a3 e5 3. c4 dxc4 4. e3 Be6 5. Qc2 Nc6 6. Nf3 Be7 ({Basman mentions
the murky line} 6... Na5 7. Nxe5 Nb3 8. Ra2 c3 9. Nxc3 Nxc1 10. Qxc1 Bxa2 11.
Nxa2 {as giving him compensation, the vicious point being} Qd5 12. d4 Qxa2 $2
13. Bc4 {)}) 7. Bxc4 Bxc4 8. Qxc4 f5 9. d4 $1 e4 10. Ne5 Nxe5 11. dxe5 c6 12.
Nc3 Qa5 13. Qe6 Nh6 14. b4 Qc7 15. Bb2 Rd8 16. O-O Rd2 17. Rab1 Qd7 18. Qb3 Qd3
19. Rbd1 Qc2 20. Qe6 $1 Qxb2 21. Rxd2 Qxd2 22. Rd1 Qxc3 23. Rd7 Ng8 24. Rxb7
Qc1+ 25. Kh2 Qd2 26. Rb8+ Qd8 27. Rxd8+ Kxd8 28. Qf7 {Source: Mike Basman
opening book ('Creepy Crawly'). Contributed by Andy Ansel, 13 July 2021.} 1-0

[Event "Lloyds Bank Masters 17th"]
[Site "London"]
[Date "1993.08.26"]
[Round "6"]
[White "Gallagher, Joseph G"]
[Black "Reilly, Tim"]
[Result "1/2-1/2"]
[WhiteElo "2515"]
[BlackElo "2315"]
[PlyCount "86"]
[EventDate "1993.08.21"]
[EventType "swiss"]
[EventRounds "10"]
[EventCountry "ENG"]

1. e4 d6 2. d4 Nf6 3. Nc3 g6 4. Nf3 Bg7 5. Be3 O-O 6. Qd2 a6 7. Bh6 Bg4 8.
O-O-O b5 9. Bxg7 Kxg7 10. Qf4 Qc8 11. e5 Nh5 12. Qe4 Ra7 13. h3 Bxf3 14. Qxf3
Kg8 15. g4 Ng7 16. h4 b4 17. Nd5 c6 18. Ne3 dxe5 19. dxe5 Qe6 20. Nc4 Rd7 21.
Bd3 Rd4 22. b3 Qxg4 23. Qe3 Qf4 24. h5 Nxh5 25. Rxh5 gxh5 26. Bxh7+ Kxh7 27.
Rxd4 Qxe3+ 28. Nxe3 c5 29. Rd5 Rc8 30. e6 fxe6 31. Rxh5+ Kg6 32. Re5 Kf7 33.
Rh5 Kg6 34. Re5 Rc6 35. f4 Nd7 36. Rg5+ Kf7 37. Nc4 Rc8 38. Kd2 Kf6 39. a3 Rh8
40. axb4 cxb4 41. Ra5 Rh4 42. Rxa6 Rxf4 43. Ra4 Ne5 1/2-1/2

[Event "Lloyds Bank Masters 17th"]
[Site "London"]
[Date "1993.08.26"]
[Round "6"]
[White "Levitt, Jonathan"]
[Black "Babar, Frank"]
[Result "1-0"]
[WhiteElo "2455"]
[BlackElo "2230"]
[PlyCount "85"]
[EventDate "1993.08.21"]
[EventType "swiss"]
[EventRounds "10"]
[EventCountry "ENG"]

1. d4 f5 2. g3 g6 3. Bg2 Bg7 4. c4 Nf6 5. Nc3 d6 6. d5 O-O 7. Nh3 c6 8. Nf4 e5
9. dxe6 Qe7 10. O-O Na6 11. b3 g5 12. Nh3 h6 13. Bb2 Bxe6 14. Qd2 Rad8 15. f4
g4 16. Nf2 d5 17. cxd5 Nxd5 18. Nxd5 Bxd5 19. Bxg7 Qxg7 20. Bxd5+ Rxd5 21. Qe3
Nb4 22. Rad1 Qf7 23. Qxa7 Re8 24. e4 fxe4 25. Nxg4 Qg7 26. Ne3 Rxd1 27. Rxd1
Nd3 28. Rf1 c5 29. Qb6 h5 30. Nf5 Qh8 31. Qxb7 Qf6 32. Qd5+ Qe6 33. Qxe6+ Rxe6
34. Ne3 Kf7 35. a4 Rb6 36. Rb1 Ke6 37. Kf1 h4 38. f5+ Kf7 39. Nc4 Ra6 40. g4
Kf6 41. Ke2 Kg5 42. Ke3 Kxg4 43. Rf1 1-0

[Event "Lloyds Bank Masters 17th"]
[Site "London"]
[Date "1993.08.26"]
[Round "6"]
[White "Howell, James C"]
[Black "Marusenko, Petr"]
[Result "1/2-1/2"]
[WhiteElo "2505"]
[BlackElo "2370"]
[PlyCount "83"]
[EventDate "1993.08.21"]
[EventType "swiss"]
[EventRounds "10"]
[EventCountry "ENG"]

1. e4 g6 2. d4 Bg7 3. Nc3 c6 4. Bc4 b5 5. Bb3 a5 6. a3 e6 7. e5 d5 8. exd6 Qxd6
9. Ne4 Qc7 10. Nh3 a4 11. Ba2 Nf6 12. Nxf6+ Bxf6 13. Bh6 c5 14. c3 Bb7 15. O-O
c4 16. Bb1 Nd7 17. Ng5 Nb6 18. Ne4 Be7 19. Bg7 Rg8 20. Nf6+ Bxf6 21. Bxf6 Qf4
22. Be5 Qg5 23. f3 f5 24. Bc2 O-O-O 25. Qe2 Bd5 26. Rae1 Kb7 27. Qf2 Qh5 28.
Bd1 g5 29. f4 g4 30. h3 Rdf8 31. h4 Qf7 32. g3 Rd8 33. Kh2 Rg6 34. Rg1 Rh6 35.
Be2 Rg8 36. Bf1 Qe7 37. Re3 Bc6 38. Bg2 Nd5 39. Bxd5 Bxd5 40. Rf1 Rh5 41. Kg1
Rg6 42. Qh2 1/2-1/2

[Event "Lloyds Bank Masters 17th"]
[Site "London"]
[Date "1993.08.26"]
[Round "6"]
[White "Rogers, Ian"]
[Black "McDonald, Neil R"]
[Result "0-1"]
[WhiteElo "2595"]
[BlackElo "2395"]
[PlyCount "84"]
[EventDate "1993.08.21"]
[EventType "swiss"]
[EventRounds "10"]
[EventCountry "ENG"]

1. e4 e6 2. d4 d5 3. Nc3 dxe4 4. Nxe4 Bd7 5. Nf3 Bc6 6. Bd3 Nd7 7. O-O Ngf6 8.
Ned2 Nd5 9. Re1 Be7 10. c4 Nf4 11. Bf1 O-O 12. Qb3 Ng6 13. Qe3 Bxf3 14. Nxf3 c6
15. b3 Qa5 16. Bd2 Bb4 17. Bxb4 Qxb4 18. Bd3 Rad8 19. Rad1 Nf6 20. Bxg6 hxg6
21. Rd2 a5 22. a4 Rd6 23. Red1 Rfd8 24. Rd3 Ng4 25. Qe4 Nf6 26. Qe3 Ng4 27. Qf4
Nf6 28. c5 Rd5 29. Ne5 g5 30. Qe3 Nd7 31. Nf3 e5 32. dxe5 Nxc5 33. Rxd5 Rxd5
34. Rxd5 cxd5 35. Qxg5 Ne6 36. Qe3 d4 37. Qd3 Qc3 38. Qd1 d3 39. g3 Qc2 40. Qe1
Ng5 41. Nd4 Qb2 42. e6 fxe6 0-1

[Event "Lloyds Bank Masters 17th"]
[Site "London"]
[Date "1993.08.26"]
[Round "6"]
[White "Thipsay, Praveen Mahadeo"]
[Black "Stanton, William"]
[Result "1-0"]
[WhiteElo "2465"]
[BlackElo "2165"]
[PlyCount "83"]
[EventDate "1993.08.21"]
[EventType "swiss"]
[EventRounds "10"]
[EventCountry "ENG"]

1. e4 e5 2. Nf3 Nc6 3. Bb5 a6 4. Ba4 Nf6 5. O-O Be7 6. Re1 b5 7. Bb3 O-O 8. a4
Bb7 9. d3 d6 10. Nc3 b4 11. Ne2 Na5 12. Ba2 c5 13. Ng3 Bc8 14. h3 Bd7 15. c3
Rb8 16. Nd2 Be6 17. Bxe6 fxe6 18. Nf3 bxc3 19. bxc3 Nb3 20. Ra2 Nxc1 21. Qxc1
Nd7 22. d4 exd4 23. cxd4 Rb4 24. Qd2 Qb6 25. d5 Ne5 26. Nxe5 dxe5 27. dxe6 Qxe6
28. Nf5 Rd8 29. Qc2 Bg5 30. Qxc5 Rxe4 31. Rxe4 Qxa2 32. Qxe5 Bf6 33. Nh6+ gxh6
34. Qxf6 Qb1+ 35. Kh2 Qxe4 36. Qxd8+ Kf7 37. Qc7+ Kg8 38. Qc8+ Kf7 39. Qxa6
Qf4+ 40. Kg1 Qc1+ 41. Qf1 Qc5 42. Qb1 1-0

[Event "Lloyds Bank Masters 17th"]
[Site "London"]
[Date "1993.08.26"]
[Round "6"]
[White "Webster, Andrew"]
[Black "Merriman, John"]
[Result "0-1"]
[WhiteElo "2410"]
[BlackElo "2235"]
[PlyCount "82"]
[EventDate "1993.08.21"]
[EventType "swiss"]
[EventRounds "10"]
[EventCountry "ENG"]

1. d4 e6 2. Nf3 Nf6 3. Bg5 d5 4. e3 Be7 5. c4 O-O 6. Nc3 h6 7. Bxf6 Bxf6 8.
cxd5 exd5 9. b4 Re8 10. Qb3 c6 11. Be2 Be6 12. O-O Nd7 13. Rfd1 g5 14. b5 Bg7
15. Rac1 Rb8 16. Na4 cxb5 17. Bxb5 a6 18. Bxd7 Bxd7 19. Nb2 g4 20. Nd2 Bc6 21.
Nd3 Qd7 22. Qb6 Qf5 23. Nf1 h5 24. Nb4 Ba4 25. Re1 Bf8 26. Rc7 Re6 27. Qa7 Rf6
28. Nd3 Re8 29. Rc3 h4 30. Re2 Bb5 31. Rd2 Bxd3 32. Rcxd3 Bb4 33. Qxb7 Bxd2 34.
Rxd2 Qe4 35. Qd7 Rg6 36. Qc7 h3 37. Qg3 Rc8 38. Rb2 Rc1 39. Rb8+ Kg7 40. a4 Ra1
41. a5 Rc6 0-1

[Event "Lloyds Bank Masters 17th"]
[Site "London"]
[Date "1993.08.26"]
[Round "6"]
[White "Mah, Karl"]
[Black "Houska, Miroslav"]
[Result "0-1"]
[WhiteElo "2115"]
[BlackElo "2300"]
[PlyCount "80"]
[EventDate "1993.08.21"]
[EventType "swiss"]
[EventRounds "10"]
[EventCountry "ENG"]

1. d4 f5 2. g3 Nf6 3. Bg2 g6 4. c4 Bg7 5. Nc3 O-O 6. Nf3 d6 7. O-O Qe8 8. Bg5
c6 9. Qd2 Qf7 10. b3 Nh5 11. Bh6 Na6 12. Bxg7 Qxg7 13. e4 f4 14. d5 g5 15. Rfe1
c5 16. Nb5 Bg4 17. h3 Bxf3 18. Bxf3 fxg3 19. Qe3 gxf2+ 20. Qxf2 Nb4 21. Rf1 Nd3
22. Qe3 Nhf4 23. Bg4 Nb4 24. Qd2 Qe5 25. Nc7 Rab8 26. a3 Nbd3 27. Ne6 Rf6 28.
Bf5 Kh8 29. Nxf4 Nxf4 30. Ra2 Rbf8 31. Qb2 Nxh3+ 32. Kg2 Nf4+ 33. Kf3 Qxb2 34.
Rxb2 e6 35. dxe6 Nxe6 36. Kg4 h6 37. b4 R8f7 38. Rd1 Nd4 39. bxc5 dxc5 40. Rf2
Kg7 0-1

[Event "Lloyds Bank Masters 17th"]
[Site "London"]
[Date "1993.08.26"]
[Round "6"]
[White "Morris, Philip"]
[Black "King, Daniel J"]
[Result "0-1"]
[WhiteElo "2380"]
[BlackElo "2455"]
[PlyCount "80"]
[EventDate "1993.08.21"]
[EventType "swiss"]
[EventRounds "10"]
[EventCountry "ENG"]

1. e4 c5 2. Nf3 d6 3. d4 cxd4 4. Nxd4 Nf6 5. Nc3 a6 6. Be3 e5 7. Nf3 Qc7 8. a4
Be7 9. Be2 O-O 10. O-O Nbd7 11. Nd2 b6 12. Bc4 Bb7 13. Qe2 h6 14. Rfd1 Rfc8 15.
f3 Bf8 16. Kh1 g6 17. Rac1 Bg7 18. Bf2 Nc5 19. Bxc5 Qxc5 20. Bb3 Rd8 21. Nc4
Rab8 22. Ne3 h5 23. Ncd5 Nd7 24. Ba2 b5 25. b4 Qa7 26. a5 Bh6 27. Rd3 Bxd5 28.
Bxd5 Nf6 29. Bb3 d5 30. exd5 e4 31. fxe4 Nxe4 32. Rf1 Nd6 33. Qf3 Re8 34. Nd1
Re7 35. Nf2 Rbe8 36. Nh3 Re2 37. Nf4 R2e4 38. Nxh5 gxh5 39. Qg3+ Rg4 40. Qxd6
Qf2 0-1

[Event "Lloyds Bank Masters 17th"]
[Site "London"]
[Date "1993.08.26"]
[Round "6"]
[White "Sadler, Matthew D"]
[Black "Murugan, Krishnamoorthy"]
[Result "1-0"]
[WhiteElo "2535"]
[BlackElo "2430"]
[PlyCount "67"]
[EventDate "1993.08.21"]
[EventType "swiss"]
[EventRounds "10"]
[EventCountry "ENG"]

1. d4 d5 2. c4 e6 3. Nc3 Nf6 4. cxd5 exd5 5. Bg5 c6 6. e3 Be7 7. Bd3 O-O 8. Qc2
Nbd7 9. Nge2 Re8 10. O-O Nf8 11. f3 Be6 12. Bh4 N6d7 13. Bf2 Bh4 14. g3 Be7 15.
Nf4 Nf6 16. Rad1 Bd7 17. e4 dxe4 18. fxe4 Ng4 19. Bc4 Ne6 20. Nxe6 Bxe6 21. d5
cxd5 22. exd5 Bd7 23. d6 Bf6 24. Nd5 Rc8 25. Nc7 Nxf2 26. Rxf2 Rf8 27. Qd3 Bg4
28. Re1 Rxc7 29. dxc7 Qxc7 30. Qe4 Bh5 31. Bd3 Bg6 32. Qe3 Qd6 33. Bxg6 Bd4 34.
Bxf7+ 1-0

[Event "Lloyds Bank Masters 17th"]
[Site "London"]
[Date "1993.08.26"]
[Round "6"]
[White "Sakhatova, Elvira->Berend"]
[Black "Dunnington, Angus J"]
[Result "1-0"]
[WhiteElo "2235"]
[BlackElo "2415"]
[PlyCount "65"]
[EventDate "1993.08.21"]
[EventType "swiss"]
[EventRounds "10"]
[EventCountry "ENG"]

1. d4 d6 2. Nf3 Bg4 3. g3 Nd7 4. d5 Ngf6 5. Bg2 g6 6. O-O Bg7 7. c4 O-O 8. h3
Bxf3 9. exf3 Nb6 10. Na3 c5 11. Rb1 Ne8 12. b3 Nc7 13. Bb2 e5 14. dxe6 Nxe6 15.
Bxg7 Nxg7 16. f4 Qd7 17. Rb2 Rad8 18. Rd2 a6 19. Qf3 Rb8 20. Nc2 Nc8 21. Ne3
Ne7 22. Ng4 f5 23. Nh6+ Kh8 24. Rfd1 Nc8 25. Qc3 Qe7 26. Bd5 b5 27. Rd3 Nb6 28.
Nf7+ Kg8 29. Nxd6+ Nxd5 30. Rxd5 Ne6 31. Qe5 Qf6 32. Kg2 bxc4 33. Nxc4 1-0

[Event "Lloyds Bank Masters 17th"]
[Site "London"]
[Date "1993.08.26"]
[Round "6"]
[White "Watson, William N"]
[Black "Shaw, John Kerr"]
[Result "1-0"]
[WhiteElo "2550"]
[BlackElo "2270"]
[PlyCount "63"]
[EventDate "1993.08.21"]
[EventType "swiss"]
[EventRounds "10"]
[EventCountry "ENG"]

1. Nc3 Nf6 2. e4 e5 3. g3 c6 4. d4 exd4 5. Qxd4 d5 6. Bg5 Be7 7. O-O-O c5 8.
Qa4+ Bd7 9. Bb5 d4 10. e5 Ng4 11. Bxe7 Qxe7 12. Nd5 Qd8 13. Bxd7+ Qxd7 14. Nc7+
Kd8 15. Qxd7+ Kxd7 16. Nxa8 Nxf2 17. Rf1 Nxh1 18. Rxf7+ Ke6 19. Rxb7 Rf8 20.
Nh3 Nc6 21. Nc7+ Kxe5 22. Nf4 Rf7 23. Nd3+ Kf5 24. Nxc5 Kg4 25. N5e6 Rf2 26.
Nb5 g5 27. Rxh7 Rf1+ 28. Kd2 Ne5 29. Nbxd4 Nf2 30. Ke2 Rd1 31. Kxf2 Rd2+ 32.
Ne2 1-0

[Event "Lloyds Bank Masters 17th"]
[Site "London"]
[Date "1993.08.26"]
[Round "6"]
[White "Adrian, Claude"]
[Black "Saunders, John C"]
[Result "1/2-1/2"]
[WhiteElo "2275"]
[BlackElo "2245"]
[PlyCount "58"]
[EventDate "1993.08.21"]
[EventType "swiss"]
[EventRounds "10"]
[EventCountry "ENG"]

1. c4 Nf6 2. Nf3 g6 3. g3 Bg7 4. Bg2 O-O 5. d4 d6 6. O-O Nbd7 7. Qc2 e5 8. e4
exd4 9. Nxd4 Nc5 10. Nc3 a5 11. h3 Re8 12. Be3 c6 13. Rad1 Qc7 14. Ndb5 cxb5
15. Nxb5 Qe7 16. Nxd6 Nfd7 17. Nxe8 Qxe8 18. f4 b6 19. e5 Bb7 20. Bd5 Rc8 21.
Rc1 Rc7 22. Rfd1 Kh8 23. Bf2 Qe7 24. Kh2 Bc8 25. g4 g5 26. f5 Bxe5+ 27. Kg1 Bf4
28. Re1 Ne5 29. Rcd1 f6 1/2-1/2

[Event "Lloyds Bank Masters 17th"]
[Site "London"]
[Date "1993.08.26"]
[Round "6"]
[White "Bates, Richard"]
[Black "Mortazavi, Ali"]
[Result "1/2-1/2"]
[WhiteElo "2235"]
[BlackElo "2345"]
[PlyCount "53"]
[EventDate "1993.08.21"]
[EventType "swiss"]
[EventRounds "10"]
[EventCountry "ENG"]

1. d4 d6 2. c4 e5 3. Nc3 Nd7 4. Nf3 Ngf6 5. Bg5 Be7 6. Qc2 c6 7. e3 h6 8. Bh4
O-O 9. O-O-O Qa5 10. g4 exd4 11. Nxd4 Ne5 12. Rg1 Bxg4 13. Nf5 Bxf5 14. Qxf5
Kh8 15. f4 Nxc4 16. Qxa5 Nxa5 17. b4 d5 18. bxa5 Rfe8 19. Rd3 Nd7 20. Bxe7 Rxe7
21. Rg3 Rae8 22. Ne2 Nc5 23. Ra3 Ne4 24. Rf3 Nd6 25. Nd4 a6 26. Nc2 g6 27. Bd3
1/2-1/2

[Event "Lloyds Bank Masters 17th"]
[Site "London"]
[Date "1993.08.26"]
[Round "6"]
[White "Cafferty, Bernard"]
[Black "Webb, Richard M"]
[Result "1/2-1/2"]
[WhiteElo "2310"]
[BlackElo "2279"]
[PlyCount "48"]
[EventDate "1993.08.21"]
[EventType "swiss"]
[EventRounds "10"]
[EventCountry "ENG"]

1. Nf3 c5 2. c4 Nf6 3. Nc3 d5 4. cxd5 Nxd5 5. e3 Nxc3 6. bxc3 g6 7. h4 Bg7 8.
h5 Nc6 9. Bc4 e6 10. d4 Qc7 11. Be2 b6 12. Rb1 Bb7 13. Qa4 cxd4 14. cxd4 f6 15.
Ba3 Kf7 16. O-O Bf8 17. Bxf8 Rhxf8 18. Rfc1 Qd6 19. e4 Kg8 20. hxg6 hxg6 21.
Rc3 Rac8 22. Ba6 Bxa6 23. Qxa6 Qd7 24. Rbc1 Ne7 1/2-1/2

[Event "Lloyds Bank Masters 17th"]
[Site "London"]
[Date "1993.08.26"]
[Round "6"]
[White "Buckley, Graeme"]
[Black "Tkachiev, Vladislav"]
[Result "0-1"]
[WhiteElo "2305"]
[BlackElo "2455"]
[PlyCount "25"]
[EventDate "1993.08.21"]
[EventType "swiss"]
[EventRounds "10"]
[EventCountry "ENG"]

1. d4 Nf6 2. c4 g6 3. Nc3 Bg7 4. e4 d6 5. f4 O-O 6. Nf3 Na6 7. Be2 Nd7 8. Be3
Re8 9. e5 dxe5 10. fxe5 f5 11. O-O f4 12. Bxf4 Rf8 13. Qd2 0-1